MLB Stadiums Quiz - Statistics

General Stats
  • This quiz has been taken 413 times
  • The average score is 22 of 30
Answer Stats
Hint Answer % Correct
Fenway Park Boston Red Sox
100%
Dodger Stadium Los Angeles Dodgers
100%
Yankee Stadium New York Yankees
100%
Wrigley Field Chicago Cubs
92%
Citi Field New York Mets
91%
Angel Stadium Los Angeles Angels
90%
Rogers Centre Toronto Blue Jays
86%
Oriole Park at Camden Yards Baltimore Orioles
82%
PNC Park Pittsburgh Pirates
81%
Nationals Park Washington Nationals
81%
Busch Stadium St. Louis Cardinals
80%
Target Field Minnesota Twins
79%
Kauffman Stadium Kansas City Royals
78%
Comerica Park Detroit Tigers
75%
Minute Maid Park Houston Astros
73%
Marlins Park Miami Marlins
70%
Petco Park San Diego Padres
70%
Tropicana Field Tampa Bay Rays
68%
Citizens Bank Park Philadelphia Phillies
67%
Great American Ball Park Cincinnati Reds
63%
Coors Field Colorado Rockies
63%
AT&T Park San Francisco Giants
63%
Globe Life Park Texas Rangers
59%
O.co Coliseum Oakland Athletics
58%
Miller Park Milwaukee Brewers
57%
Progressive Field Cleveland Indians
53%
Safeco Field Seattle Mariners
52%
Turner Field Atlanta Braves
51%
U.S. Cellular Field Chicago White Sox
51%
Chase Field Arizona Diamondbacks
47%
No matching quizzes found
Score Distribution
Percent of People with Each Score
Percentile by Number Answered
Your Score History
You have not taken this quiz